000 00472nam a2200109Ia 4500
008 171212s9999 xx 000 0 und d
100 _aGuo, Christopher;Pollak, Julia;Bauman, Melissa
245 _cGuo, Christopher;Pollak, Julia;Bauman, Melissa
_aTen Frequently Asked Questions About Veterans' Transitions
_bResults of a Decade of RAND Work on Veteran Life
260 _bRAND Corporation
_c2016
650 _aEducation
856 _uhttp://jstor.org/stable/10.7249/j.ctt1d41d9c
999 _c352604
_d352604